000 01057nam2a2200253 4500
001 RU\NLR\bibl\1178915
005 20250615091646.0
021 _aRU
_b2007-83703
_94509
035 _a(NLR Aleph) 001165540
090 _a1564594
_c1564594
100 _a20080123d2007 |||y0rusy50 ca
101 0 _arus
102 _aRU
105 _ay |||||||||
200 0 _aЧ. 2
210 _d2007
_aБ. м.
215 _a135 с.
320 _aБиблиогр. в подстроч. примеч.
461 0 _1001RU\NLR\bibl\1098821
_12001#$aРатификация международных договоров Российской Федерации$vЧ. 2
_91087921
_cМосква
_d2006
_fФедер. Собр. Рос. Федерации, Гос. Дума
_nиздание Государственной Думы
_o[сборник]
_tРатификация международных договоров Российской Федерации
_vЧ. 2
801 0 _aRU
_bNLR
_c20080123
_gRCR
801 1 _aRU
_bNLR
_c20080123
942 _cBOOK
980 _aNB